| 000 | 00455nam a2200181Ia 4500 | ||
|---|---|---|---|
| 003 | GCL | ||
| 008 | 140319s9999 xx 000 0 eng d | ||
| 040 |
_aGCL / _cGCL |
||
| 082 | 0 | 4 |
_a709.0347 _bL S |
| 100 | 1 | _aLUCIE-SMITH, EDWARD | |
| 245 | 1 | 0 |
_aSYMBOLIST ART / _cLUCIE-SMITH, EDWARD |
| 260 |
_a[S.N] : _bTHAMES AND HUDSON ، _c1993 |
||
| 300 | _a216 | ||
| 650 | 0 | 4 | _aARTS |
| 650 | 0 | 4 | _aHISTORY AND CRITICISM |
| 650 | 0 | 4 | _aSYMBOLISM |
| 942 |
_2ddc _cBK |
||
| 999 |
_c18811 _d18811 |
||